[Event "2. Bundesliga West 2012/13"]
[Site "Woergl"]
[Date "2012.10.05"]
[Round "1"]
[Board "1"]
[White "Wegener, Olaf"]
[Black "Bayer, Bernhard"]
[Result "1-0"]
[WhiteElo "2423"]
[BlackElo "2449"]
[PlyCount "77"]
[EventDate "2012.10.05"]
[EventType "team"]
[EventRounds "11"]
[EventCountry "AUT"]
[WhiteTeam "Rochade Rum"]
[BlackTeam "Schwaz"]

1. e4 e5 2. Nf3 Nc6 3. Bb5 a6 4. Ba4 Nf6 5. O-O Be7 6. Re1 b5 7. Bb3 d6 8. c3
O-O 9. h3 Nb8 10. d4 Nbd7 11. Nbd2 Bb7 12. Bc2 Re8 13. a4 Bf8 14. Bd3 c6 15. b3
Qc7 16. Bb2 g6 17. Qc2 Rac8 18. c4 bxa4 19. Rxa4 exd4 20. Bxd4 Nh5 21. c5 dxc5
22. Bb2 c4 23. Bf1 cxb3 24. Nxb3 c5 25. Na5 Ba8 26. Bxa6 Rb8 27. Bf1 Rb6 28.
Nc4 Rb4 29. Ra3 Nb6 30. Nxb6 Qxb6 31. Bc3 Rbxe4 32. Rb1 Qd8 33. Bb5 c4 34. Bxe8
Bxa3 35. Qa4 Qxe8 36. Qxa3 Re7 37. Qd6 Rb7 38. Re1 Qc8 39. Qe5 1-0

[Event "2. Bundesliga West 2012/13"]
[Site "Woergl"]
[Date "2012.10.05"]
[Round "1"]
[Board "2"]
[White "Deglmann, Ludwig"]
[Black "Fedorovsky, Michael"]
[Result "1/2-1/2"]
[WhiteElo "2323"]
[BlackElo "2401"]
[PlyCount "203"]
[EventDate "2012.10.05"]
[EventType "team"]
[EventRounds "11"]
[EventCountry "AUT"]
[WhiteTeam "Schwaz"]
[BlackTeam "Rochade Rum"]

1. c4 c5 2. g3 Nc6 3. Bg2 g6 4. Nc3 Bg7 5. a3 d6 6. Rb1 a5 7. Nf3 e5 8. O-O
Nge7 9. Ne1 O-O 10. Nc2 Rb8 11. b4 Be6 12. d3 b6 13. Bg5 h6 14. Bxe7 Nxe7 15.
Ne3 Qd7 16. Qd2 axb4 17. axb4 Bh3 18. Ned5 Nc6 19. Ne4 Kh8 20. Bxh3 Qxh3 21.
Nxd6 f5 22. bxc5 bxc5 23. Rxb8 Rxb8 24. Nb5 g5 25. Qe3 Nd4 26. Nxd4 cxd4 27.
Qf3 Re8 28. Qg2 Qh5 29. Nc7 Re7 30. Qa8+ Kh7 31. Qd8 Qf7 32. Nd5 Rd7 33. Qc8 e4
34. f3 exd3 35. exd3 Qe6 36. Kf2 Qd6 37. Re1 Rf7 38. Qe6 Qxe6 39. Rxe6 Ra7 40.
c5 Ra5 41. Rc6 Ra2+ 42. Ke1 Rxh2 43. Re6 Rc2 44. c6 h5 45. c7 h4 46. gxh4 gxh4
47. Re2 Rc1+ 48. Kf2 h3 49. Kg3 Bf8 50. Kxh3 Bd6 51. Re6 Rh1+ 52. Kg2 Rh2+ 53.
Kg1 Bxc7 54. Re7+ Kh6 55. Rxc7 Rd2 56. Rc6+ Kg5 57. Kf1 Rxd3 58. Rg6+ Kh4 59.
Ke2 Ra3 60. f4 d3+ 61. Kd2 Ra4 62. Kxd3 Rxf4 63. Ke3 Rg4 64. Re6 Kg3 65. Rf6
Rg8 66. Rxf5 Re8+ 67. Kd3 Rd8 68. Kd4 Kg4 69. Rf1 Kg3 70. Rf7 Kg4 71. Ke4 Kg3
72. Rg7+ Kf2 73. Re7 Ra8 74. Nc3 Kg3 75. Ke3 Kg4 76. Ke4 Kg3 77. Rg7+ Kf2 78.
Nd5 Ra4+ 79. Kd3 Ra3+ 80. Nc3 Kf3 81. Rf7+ Kg4 82. Kd4 Ra8 83. Nd5 Ra4+ 84. Ke5
Ra5 85. Rb7 Kf3 86. Rb3+ Kg4 87. Rc3 Rb5 88. Ra3 Rc5 89. Kd4 Rc8 90. Ra7 Rc1
91. Ke4 Rc4+ 92. Ke5 Rc1 93. Rg7+ Kf3 94. Rf7+ Ke2 95. Kd4 Rd1+ 96. Ke4 Rc1 97.
Nf4+ Kd2 98. Rd7+ Kc2 99. Rc7+ Kd2 100. Rd7+ Kc2 101. Rc7+ Kd2 102. Rd7+
1/2-1/2

[Event "2. Bundesliga West 2012/13"]
[Site "Woergl"]
[Date "2012.10.05"]
[Round "1"]
[Board "3"]
[White "Gatterer, Florian"]
[Black "Fuchs, Georg"]
[Result "0-1"]
[WhiteElo "2267"]
[BlackElo "2308"]
[PlyCount "88"]
[EventDate "2012.10.05"]
[EventType "team"]
[EventRounds "11"]
[EventCountry "AUT"]
[WhiteTeam "Rochade Rum"]
[BlackTeam "Schwaz"]

1. d4 d5 2. c4 c6 3. Nc3 Nf6 4. Nf3 e6 5. Bg5 Be7 6. e3 O-O 7. Bd3 h6 8. Bh4
Nbd7 9. O-O a6 10. cxd5 exd5 11. Qc2 Re8 12. Nd2 Nh5 13. Bxe7 Qxe7 14. Rab1 Qd6
15. b4 b5 16. Be2 Nhf6 17. e4 dxe4 18. Ndxe4 Nxe4 19. Nxe4 Qxd4 20. Bf3 Ne5 21.
Rfd1 Qb6 22. Nd6 Nxf3+ 23. gxf3 Re6 24. Kh1 Rg6 25. Qb2 Be6 26. Rg1 Bd5 27. Ne4
Re8 28. Rxg6 fxg6 29. Re1 Rf8 30. Kg2 a5 31. a3 axb4 32. axb4 Qc7 33. Qd4 Qf4
34. Qe3 Qh4 35. Ra1 g5 36. Ra7 g4 37. Kg1 gxf3 38. Qc3 Rf7 39. Ra8+ Kh7 40. Ng3
Qh3 41. Qd3+ g6 42. Qf1 Qxf1+ 43. Kxf1 h5 44. Ke1 Rf4 0-1

[Event "2. Bundesliga West 2012/13"]
[Site "Woergl"]
[Date "2012.10.05"]
[Round "1"]
[Board "4"]
[White "Blaas, Hansjoerg"]
[Black "Hoellrigl, Wilfried"]
[Result "0-1"]
[WhiteElo "2259"]
[BlackElo "2199"]
[PlyCount "68"]
[EventDate "2012.10.05"]
[EventType "team"]
[EventRounds "11"]
[EventCountry "AUT"]
[WhiteTeam "Schwaz"]
[BlackTeam "Rochade Rum"]

1. e4 Nf6 2. e5 Nd5 3. c4 Nb6 4. d4 d6 5. f4 dxe5 6. fxe5 Nc6 7. Be3 Bf5 8. Nc3
e6 9. Be2 Be7 10. Nf3 O-O 11. O-O f6 12. h3 fxe5 13. Nxe5 Nxe5 14. dxe5 Nd7 15.
Bf4 c6 16. g4 Bg6 17. Bd3 Nxe5 18. Bxe5 Bc5+ 19. Kg2 Qxd3 20. Qxd3 Bxd3 21.
Rxf8+ Rxf8 22. b3 Rf2+ 23. Kg3 Rd2 24. Kf3 b5 25. b4 Bf2 26. cxb5 cxb5 27. a4
bxa4 28. Rxa4 Bb6 29. Ra1 Bc4 30. Rc1 g5 31. Ke4 Kf7 32. Bb8 Ba6 33. Nb1 Rd7
34. Ke5 Rd5+ 0-1

[Event "2. Bundesliga West 2012/13"]
[Site "Woergl"]
[Date "2012.10.05"]
[Round "1"]
[Board "5"]
[White "Jedinger, Andreas"]
[Black "Gruber, Michael"]
[Result "1/2-1/2"]
[WhiteElo "2174"]
[BlackElo "2155"]
[PlyCount "147"]
[EventDate "2012.10.05"]
[EventType "team"]
[EventRounds "11"]
[EventCountry "AUT"]
[WhiteTeam "Rochade Rum"]
[BlackTeam "Schwaz"]

1. e4 e5 2. Nf3 Nc6 3. Bb5 a6 4. Ba4 Nf6 5. O-O Be7 6. Re1 b5 7. Bb3 d6 8. c3
O-O 9. h3 Nb8 10. d4 Nbd7 11. Nbd2 Bb7 12. Bc2 Re8 13. Nf1 Bf8 14. Ng3 g6 15.
a4 c5 16. d5 c4 17. Bg5 Be7 18. Qd2 h5 19. Bh6 Nh7 20. Nf1 Bf8 21. Be3 Bg7 22.
Ra3 Qc7 23. Rea1 Nc5 24. Qd1 Nf6 25. N3d2 Nfd7 26. axb5 axb5 27. Rxa8 Rxa8 28.
Rxa8+ Bxa8 29. Qa1 Bb7 30. Qa7 Qb6 31. Qa3 Qa6 32. Qb4 Kh7 33. Nb1 Qb6 34. Na3
Ba6 35. f3 Bh6 36. Bf2 Bc1 37. Nb1 Bg5 38. Nbd2 Qc7 39. b3 cxb3 40. Nxb3 Na4
41. Be1 Nb2 42. Na5 Nc4 43. Nxc4 bxc4 44. Bf2 Kg7 45. Ba4 Bc1 46. Bc6 Nf8 47.
Ba4 Nd7 48. Bc6 Nb8 49. Qa4 Bb2 50. Ne3 Bxc3 51. Nxc4 Bxc4 52. Qxc4 Qa5 53. Ba4
Qb4 54. Qxb4 Bxb4 55. Bb5 Ba5 56. Kf1 f6 57. Ke2 Kf7 58. Ba7 Bc7 59. g3 Ke7 60.
f4 Nd7 61. Bxd7 Kxd7 62. fxe5 fxe5 63. Kf3 g5 64. Be3 Bd8 65. Bd2 Bf6 66. g4 h4
67. Ke2 Bd8 68. Kd3 Be7 69. Kc4 Bf6 70. Kb5 Be7 71. Kb6 Bf6 72. Kb7 Be7 73. Ba5
Bf6 74. Bb6 1/2-1/2

[Event "2. Bundesliga West 2012/13"]
[Site "Woergl"]
[Date "2012.10.05"]
[Round "1"]
[Board "6"]
[White "Kondrak, Christof"]
[Black "Thoeny, Hermann"]
[Result "1-0"]
[WhiteElo "2192"]
[BlackElo "2113"]
[PlyCount "83"]
[EventDate "2012.10.05"]
[EventType "team"]
[EventRounds "11"]
[EventCountry "AUT"]
[WhiteTeam "Schwaz"]
[BlackTeam "Rochade Rum"]

1. d4 Nf6 2. c4 g6 3. Nf3 Bg7 4. Nc3 d5 5. Bg5 Ne4 6. cxd5 Nxc3 7. bxc3 Qxd5 8.
e3 c5 9. Be2 cxd4 10. exd4 Nc6 11. O-O O-O 12. c4 Qd6 13. c5 Qd5 14. Be3 Rd8
15. Rc1 Qxa2 16. Bc4 Qa5 17. Qb3 e6 18. d5 exd5 19. Bxd5 Qc7 20. Ng5 Rf8 21.
Ne4 Nd8 22. Nd6 Be6 23. Bxe6 fxe6 24. Bg5 Bf6 25. Bxf6 Rxf6 26. Ne8 Qe7 27.
Nxf6+ Qxf6 28. Rfd1 Rb8 29. Rd7 Nc6 30. Rxb7 Rf8 31. Qa2 a5 32. Rb6 Nd4 33. Qd2
Qe5 34. Rb2 a4 35. Rd1 Rd8 36. Re1 Qxc5 37. Qe3 Re8 38. h3 e5 39. Rc1 Qd5 40.
Rc7 Ne6 41. Ra7 Nc5 42. Qh6 1-0

[Event "2. Bundesliga West 2012/13"]
[Site "Woergl"]
[Date "2012.10.05"]
[Round "1"]
[Board "1"]
[White "Votava, Jan"]
[Black "Zelbel, Patrick"]
[Result "1/2-1/2"]
[WhiteElo "2520"]
[BlackElo "2357"]
[PlyCount "82"]
[EventDate "2012.10.05"]
[EventType "team"]
[EventRounds "11"]
[EventCountry "AUT"]
[WhiteTeam "Zillertal"]
[BlackTeam "Kufstein / Woergl"]

1. d4 Nf6 2. Nf3 e6 3. Bf4 b6 4. e3 Bb7 5. Nbd2 Be7 6. h3 c5 7. c3 O-O 8. Bd3
Ba6 9. Bxa6 Nxa6 10. O-O Qc8 11. e4 d5 12. e5 Nd7 13. Re1 b5 14. Re3 Kh8 15.
Ne1 f5 16. exf6 Bxf6 17. Ndf3 Bxd4 18. Nxd4 cxd4 19. Qxd4 Nac5 20. Bd6 Rf6 21.
Be7 Rf7 22. Bxc5 Nxc5 23. f3 Qc6 24. Nc2 Raf8 25. Rae1 Rf4 26. Qd2 Qb6 27. Kh1
R4f6 28. Nd4 Qd6 29. Nb3 Nd7 30. Qe2 e5 31. Qxb5 e4 32. fxe4 a6 33. Qe2 Rf2 34.
Qd1 Ne5 35. Nd4 dxe4 36. Rg1 Nd3 37. Rxe4 R2f3 38. gxf3 Nf2+ 39. Kg2 Nxd1 40.
Rxd1 Qg6+ 41. Rg4 Qb6 1/2-1/2

[Event "2. Bundesliga West 2012/13"]
[Site "Woergl"]
[Date "2012.10.05"]
[Round "1"]
[Board "2"]
[White "Bertagnolli, Alexander"]
[Black "Lanka, Zigurds"]
[Result "0-1"]
[WhiteElo "2352"]
[BlackElo "2422"]
[PlyCount "84"]
[EventDate "2012.10.05"]
[EventType "team"]
[EventRounds "11"]
[EventCountry "AUT"]
[WhiteTeam "Kufstein / Woergl"]
[BlackTeam "Zillertal"]

1. d4 Nf6 2. c4 c5 3. d5 b5 4. Na3 a6 5. Qd3 g6 6. e4 d6 7. Be2 Bg7 8. f4 b4 9.
Nc2 Nxe4 10. Ne3 f5 11. Bf3 Nf6 12. Nh3 Nbd7 13. Bd2 Nf8 14. a3 Ne4 15. axb4
Nxd2 16. Qxd2 Rb8 17. Nc2 Qb6 18. Nf2 cxb4 19. Nd3 a5 20. c5 dxc5 21. Ne3 Ba6
22. Ne5 Bxe5 23. fxe5 Nd7 24. d6 e6 25. Nd5 exd5 26. Qxd5 c4 27. O-O-O c3 28.
Rhe1 Qf2 29. Be2 Bxe2 30. e6 Qf4+ 31. Kb1 c2+ 32. Kxc2 Qc4+ 33. Qxc4 Bxc4 34.
exd7+ Kxd7 35. Re7+ Kd8 36. b3 Bb5 37. Rd5 Re8 38. Rxh7 Bd7 39. Rg7 a4 40. bxa4
b3+ 41. Kb2 Re2+ 42. Kb1 Be6 0-1

[Event "2. Bundesliga West 2012/13"]
[Site "Woergl"]
[Date "2012.10.05"]
[Round "1"]
[Board "3"]
[White "Hausner, Ivan"]
[Black "Berchtenbreiter, Maximilian"]
[Result "1-0"]
[WhiteElo "2408"]
[BlackElo "2336"]
[PlyCount "141"]
[EventDate "2012.10.05"]
[EventType "team"]
[EventRounds "11"]
[EventCountry "AUT"]
[WhiteTeam "Zillertal"]
[BlackTeam "Kufstein / Woergl"]

1. d4 Nf6 2. c4 a6 3. Nc3 c5 4. d5 b5 5. e4 b4 6. Na4 Nxe4 7. Bd3 Nf6 8. Nxc5
e5 9. Nb3 a5 10. Qe2 d6 11. Nf3 Be7 12. a3 Na6 13. a4 O-O 14. O-O Bg4 15. h3
Bh5 16. g4 Bg6 17. Bxg6 hxg6 18. Be3 Nd7 19. Nfd2 f5 20. f3 Qc7 21. Kg2 Rae8
22. Rac1 Nac5 23. Nxc5 Nxc5 24. Bxc5 dxc5 25. Rcd1 Bd6 26. g5 Kf7 27. h4 Ke7
28. Rh1 Kd8 29. Rde1 Qd7 30. Nb3 Qc7 31. Qf2 Kc8 32. f4 exf4 33. Qf3 Re4 34.
Rxe4 fxe4 35. Qxe4 f3+ 36. Kf1 Qd7 37. Qe6 Kc7 38. Qxd7+ Kxd7 39. Nxa5 f2 40.
Nb7 Rf4 41. Rh2 Kc7 42. Na5 Kb6 43. Nc6 Rxc4 44. Rxf2 b3 45. a5+ Kb5 46. Rf7
Rc1+ 47. Ke2 Rc2+ 48. Kf3 Rxb2 49. Rxg7 Ra2 50. h5 b2 51. Rb7+ Kc4 52. hxg6
Ra3+ 53. Kg4 Rb3 54. Rxb3 Kxb3 55. g7 b1=Q 56. g8=Q c4 57. Qe6 Bc5 58. a6 Ka3
59. Qe5 Qd1+ 60. Kf5 Qd3+ 61. Qe4 Qh3+ 62. Kg6 c3 63. Qc4 Qe3 64. a7 Bxa7 65.
Nxa7 Kb2 66. Qb4+ Kc1 67. Nc6 c2 68. Nd4 Qe4+ 69. Kf6 Qf4+ 70. Ke6 Qxg5 71.
Qa3+ 1-0

[Event "2. Bundesliga West 2012/13"]
[Site "Woergl"]
[Date "2012.10.05"]
[Round "1"]
[Board "4"]
[White "Levushkina,  Elena"]
[Black "Kleissl, Helmut"]
[Result "1-0"]
[WhiteElo "2313"]
[BlackElo "2290"]
[PlyCount "79"]
[EventDate "2012.10.05"]
[EventType "team"]
[EventRounds "11"]
[EventCountry "AUT"]
[WhiteTeam "Kufstein / Woergl"]
[BlackTeam "Zillertal"]

1. e4 g6 2. d4 Bg7 3. Nc3 d6 4. f4 a6 5. Nf3 b5 6. Bd3 b4 7. Ne2 Bb7 8. O-O Nd7
9. e5 e6 10. Qe1 c5 11. exd6 Ngf6 12. dxc5 Qa5 13. Be3 Nxc5 14. a3 Nxd3 15.
cxd3 Qd5 16. axb4 O-O 17. Nc3 Qxd6 18. Bc5 Qxd3 19. Bxf8 Rxf8 20. Qe2 Qd6 21.
b5 axb5 22. Qxb5 Rb8 23. Qe2 Qxf4 24. Qe5 Nd5 25. Qxf4 Nxf4 26. Ra2 Nd5 27. Ra3
Nxc3 28. bxc3 Bd5 29. h3 h6 30. Rc1 Rc8 31. Kf2 h5 32. Rc2 Be4 33. Rc1 Bd5 34.
Ke1 Bf6 35. Ke2 Rc4 36. Kd3 e5 37. Ke2 e4 38. Nd2 Rc5 39. Ra4 e3 40. Nf3 1-0

[Event "2. Bundesliga West 2012/13"]
[Site "Woergl"]
[Date "2012.10.05"]
[Round "1"]
[Board "5"]
[White "Tabernig, Bernhard"]
[Black "Neuschmied, Siegfried"]
[Result "0-1"]
[WhiteElo "2327"]
[BlackElo "2239"]
[PlyCount "112"]
[EventDate "2012.10.05"]
[EventType "team"]
[EventRounds "11"]
[EventCountry "AUT"]
[WhiteTeam "Zillertal"]
[BlackTeam "Kufstein / Woergl"]

1. d4 Nf6 2. c4 e6 3. Nf3 b6 4. Bf4 Bb7 5. e3 d6 6. Nc3 Nbd7 7. h3 g6 8. Be2
Bg7 9. O-O O-O 10. Qc2 Qe7 11. Rfd1 a6 12. Rac1 Rae8 13. Bh2 Qd8 14. b4 Qa8 15.
d5 Re7 16. Bf1 Ne8 17. Nd4 Ndf6 18. a4 exd5 19. cxd5 Nxd5 20. Nxd5 Bxd5 21. Nc6
Bxc6 22. Qxc6 Qa7 23. Qc4 a5 24. bxa5 Qxa5 25. Qb5 Qa8 26. Rc4 Be5 27. Rdc1 Qd8
28. f4 Bf6 29. e4 Ng7 30. g4 h6 31. Rd1 Qe8 32. Qd5 Qa8 33. Rdc1 Ne6 34. Bg2
Qxd5 35. exd5 Nc5 36. Bg3 Ra8 37. Bf2 Rxa4 38. Bxc5 Rxc4 39. Rxc4 dxc5 40. Re4
Kf8 41. Rxe7 Kxe7 42. Kf2 Kd6 43. Ke3 c4 44. Kd2 Kc5 45. Kc2 b5 46. Be4 Kd4 47.
d6 cxd6 48. Bc6 b4 49. Be8 b3+ 50. Kd1 g5 51. f5 Kc3 52. Kc1 d5 53. Bxf7 d4 54.
Bd5 d3 55. Bf3 Kd4 56. Bd1 Ke3 0-1

[Event "2. Bundesliga West 2012/13"]
[Site "Woergl"]
[Date "2012.10.05"]
[Round "1"]
[Board "6"]
[White "Steinbacher, Thomas"]
[Black "Kroell, Johannes"]
[Result "0-1"]
[WhiteElo "2072"]
[BlackElo "2205"]
[PlyCount "156"]
[EventDate "2012.10.05"]
[EventType "team"]
[EventRounds "11"]
[EventCountry "AUT"]
[WhiteTeam "Kufstein / Woergl"]
[BlackTeam "Zillertal"]

1. d4 g6 2. e4 Bg7 3. Nc3 d6 4. Be3 e6 5. Qd2 h6 6. Bd3 Ne7 7. f4 a6 8. Nf3 f5
9. Rg1 d5 10. exf5 exf5 11. O-O-O Be6 12. Bf2 Nbc6 13. Rde1 Qd6 14. Qe3 Kd7 15.
Re2 Rhe8 16. Rge1 Ng8 17. Ne5+ Bxe5 18. fxe5 Qf8 19. Rd2 g5 20. Rf1 f4 21. Qe2
Qb4 22. Qh5 Rf8 23. Be2 Na5 24. a3 Qe7 25. h3 b5 26. b4 Nc4 27. Bxc4 bxc4 28.
Na4 a5 29. Nc5+ Kc6 30. Qg6 Rfe8 31. Kb2 Qf7 32. Qxf7 Bxf7 33. Be1 axb4 34.
axb4 Reb8 35. Rd1 Bg6 36. Bd2 Be4 37. Rg1 Ra7 38. Nxe4 dxe4 39. d5+ Kb5 40. Ra1
Rba8 41. Ra5+ Rxa5 42. bxa5 Ne7 43. d6 cxd6 44. exd6 Nf5 45. Bc3 Rd8 46. Be5
Nxd6 47. Ra1 Nf5 48. a6 Ra8 49. a7 Kb6 50. Bb8 Nd4 51. Re1 e3 52. h4 Nc6 53.
hxg5 hxg5 54. Bd6 Rxa7 55. Kc3 Rd7 56. Rb1+ Ka6 57. Bc5 Rb7 58. Ra1+ Na5 59. g3
Rb5 60. Bd4 Rf5 61. gxf4 gxf4 62. Rb1 Rb5 63. Rf1 e2 64. Ra1 f3 65. Kd2 Rd5 66.
c3 Kb5 67. Ke3 Nb3 68. Rb1 Rf5 69. Kf2 Kc6 70. Be3 Nc5 71. Bxc5 Kxc5 72. Rh1
Re5 73. Re1 Rf5 74. Rh1 Kb5 75. Ra1 Rd5 76. Rb1+ Ka4 77. Rb4+ Ka3 78. Rxc4 Re5
0-1

[Event "2. Bundesliga West 2012/13"]
[Site "Hohenems"]
[Date "2012.10.05"]
[Round "1"]
[Board "1"]
[White "Medvegy, Zoltan"]
[Black "Krassowizkij, Jaroslaw"]
[Result "1-0"]
[WhiteElo "2555"]
[BlackElo "2404"]
[PlyCount "101"]
[EventDate "2012.10.05"]
[EventType "team"]
[EventRounds "11"]
[EventCountry "AUT"]
[WhiteTeam "ATSV Ranshofen"]
[BlackTeam "Goetzis"]

1. c4 c5 2. g3 g6 3. Bg2 Bg7 4. Nc3 Nc6 5. Nf3 d6 6. O-O Nh6 7. d4 cxd4 8. Bxh6
Bxh6 9. Nxd4 Bd7 10. c5 dxc5 11. Nxc6 bxc6 12. Na4 O-O 13. Qc2 Qa5 14. Nxc5 Bf5
15. e4 Bc8 16. Rfd1 Rb8 17. a3 Bg7 18. b4 Qc7 19. Rab1 a5 20. Qa4 axb4 21. axb4
Rb6 22. h3 Qb8 23. Rb3 Be6 24. Nxe6 fxe6 25. Bf1 c5 26. b5 Bd4 27. Rd2 e5 28.
Kg2 Qa8 29. Bc4+ Kg7 30. Qxa8 Rxa8 31. Rf3 e6 32. Rc2 Ra4 33. h4 Rb4 34. Ra3
Kf6 35. g4 h6 36. Ra7 Rxc4 37. Rxc4 Rxb5 38. Ra2 Rb4 39. Rxb4 cxb4 40. Ra4 Bc5
41. Ra5 Bd6 42. Kf3 Be7 43. Ke3 Kf7 44. Rxe5 Bxh4 45. Rb5 Be7 46. f4 Bd6 47.
Rb7+ Kf8 48. Rh7 g5 49. f5 exf5 50. exf5 b3 51. Kd3 1-0

[Event "2. Bundesliga West 2012/13"]
[Site "Hohenems"]
[Date "2012.10.05"]
[Round "1"]
[Board "2"]
[White "Eisenbeiser, Amadeus"]
[Black "Dovzik, Juri"]
[Result "1-0"]
[WhiteElo "2384"]
[BlackElo "2346"]
[PlyCount "45"]
[EventDate "2012.10.05"]
[EventType "team"]
[EventRounds "11"]
[EventCountry "AUT"]
[WhiteTeam "Goetzis"]
[BlackTeam "ATSV Ranshofen"]

1. e4 c5 2. Nf3 Nc6 3. d4 cxd4 4. Nxd4 e6 5. Nb5 Nf6 6. N1c3 Bb4 7. a3 Bxc3+ 8.
Nxc3 d5 9. exd5 exd5 10. Bd3 d4 11. Ne2 O-O 12. O-O Bg4 13. h3 Bh5 14. Bf4 Re8
15. Qd2 Ne4 16. Bxe4 Rxe4 17. Ng3 Rxf4 18. Qxf4 Bg6 19. Rac1 Qb6 20. b3 Qc5 21.
b4 Qc3 22. b5 Na5 23. Ne2 1-0

[Event "2. Bundesliga West 2012/13"]
[Site "Hohenems"]
[Date "2012.10.05"]
[Round "1"]
[Board "3"]
[White "Ager, Josef"]
[Black "Anistratov, Dmitrij"]
[Result "0-1"]
[WhiteElo "2170"]
[BlackElo "2332"]
[PlyCount "118"]
[EventDate "2012.10.05"]
[EventType "team"]
[EventRounds "11"]
[EventCountry "AUT"]
[WhiteTeam "ATSV Ranshofen"]
[BlackTeam "Goetzis"]

1. Nf3 Nf6 2. c4 g6 3. Nc3 Bg7 4. e4 d6 5. d4 O-O 6. Be2 Na6 7. O-O e5 8. Be3
exd4 9. Nxd4 Re8 10. f3 c6 11. Bf2 Nc5 12. Qd2 Ne6 13. Rad1 Qa5 14. Nb3 Qd8 15.
Qxd6 Qxd6 16. Rxd6 Bf8 17. Rdd1 Nf4 18. Bc5 Be6 19. Rc1 Bh6 20. Rc2 Nd7 21. Bf2
Ne5 22. c5 Ned3 23. Bxd3 Nxd3 24. Nd4 Nxc5 25. Nxe6 Nxe6 26. Rd1 b6 27. g3 Rad8
28. Rxd8 Rxd8 29. Ne2 c5 30. f4 Bg7 31. Kg2 Rd3 32. b3 Kf8 33. h4 Ke8 34. f5
Nd4 35. Nxd4 Bxd4 36. Bxd4 Rxd4 37. Kf3 Ke7 38. Kf4 h5 39. fxg6 fxg6 40. Ke5
Rd6 41. Rg2 Re6+ 42. Kd5 Rd6+ 43. Ke5 Re6+ 44. Kd5 g5 45. hxg5 Rg6 46. Rh2
Rxg5+ 47. Kc6 Ke6 48. Rh4 Ke5 49. Kd7 b5 50. Kc6 c4 51. bxc4 bxc4 52. Kc5 c3
53. Rh2 Kxe4+ 54. Kc4 Kf3 55. Kxc3 Kxg3 56. Rh1 h4 57. Rg1+ Kf4 58. Rf1+ Ke3
59. Rh1 Rh5 0-1

[Event "2. Bundesliga West 2012/13"]
[Site "Hohenems"]
[Date "2012.10.05"]
[Round "1"]
[Board "4"]
[White "Mittelberger, Peter"]
[Black "Heiduczek, Josef"]
[Result "1/2-1/2"]
[WhiteElo "2217"]
[BlackElo "2214"]
[PlyCount "93"]
[EventDate "2012.10.05"]
[EventType "team"]
[EventRounds "11"]
[EventCountry "AUT"]
[WhiteTeam "Goetzis"]
[BlackTeam "ATSV Ranshofen"]

1. e4 c5 2. Nf3 d6 3. d4 cxd4 4. Nxd4 Nf6 5. Nc3 a6 6. g3 e5 7. Nb3 Bg4 8. Qd3
Nc6 9. Bg2 Nb4 10. Qd2 a5 11. a3 Na6 12. a4 Nb4 13. O-O Rc8 14. Rb1 Be7 15. Na1
O-O 16. Nb5 Be6 17. b3 d5 18. exd5 Bxd5 19. Bxd5 Nbxd5 20. c4 Nb4 21. Qe2 Bc5
22. Be3 Qb6 23. Bxc5 Qxc5 24. Nc2 Nxc2 25. Qxc2 e4 26. Qe2 Rfe8 27. Rbd1 Rc6
28. Qe3 Qh5 29. h4 h6 30. Kg2 Ng4 31. Qe2 f5 32. Rd5 Qg6 33. Kh3 e3 34. f3 Nf2+
35. Rxf2 exf2 36. Qxf2 f4 37. gxf4 Qb1 38. f5 Qxb3 39. Nd6 Re3 40. Kg3 Rc7 41.
f6 gxf6 42. Nf5 Re8 43. Qd2 Qb4 44. Qxh6 Qe1+ 45. Kh3 Qh1+ 46. Kg3 Qg1+ 47. Kh3
1/2-1/2

[Event "2. Bundesliga West 2012/13"]
[Site "Hohenems"]
[Date "2012.10.05"]
[Round "1"]
[Board "5"]
[White "Fruehauf, Norbert"]
[Black "Kranz, Armin"]
[Result "1/2-1/2"]
[WhiteElo "2082"]
[BlackElo "2142"]
[PlyCount "70"]
[EventDate "2012.10.05"]
[EventType "team"]
[EventRounds "11"]
[EventCountry "AUT"]
[WhiteTeam "ATSV Ranshofen"]
[BlackTeam "Goetzis"]

1. e4 e5 2. Nf3 Nf6 3. Nxe5 d6 4. Nf3 Nxe4 5. d4 d5 6. Bd3 Nc6 7. h3 Be7 8. O-O
O-O 9. Re1 Bf5 10. c3 Re8 11. Qc2 Bf6 12. Bf4 Qd7 13. Nbd2 Nd6 14. Bxd6 Bxd3
15. Qxd3 Qxd6 16. Re3 Re7 17. Rxe7 Nxe7 18. Re1 Ng6 19. g3 Qd7 20. Kg2 Re8 21.
Rxe8+ Qxe8 22. Nf1 c6 23. Ne3 h5 24. Nf5 Qe6 25. h4 Nf8 26. Ne3 g6 27. Nf1 Nd7
28. Ne3 Kg7 29. b3 Be7 30. a4 a6 31. b4 Qe4 32. Qxe4 dxe4 33. Nd2 f5 34. Ndc4
b6 35. f3 Kf7 1/2-1/2

[Event "2. Bundesliga West 2012/13"]
[Site "Hohenems"]
[Date "2012.10.05"]
[Round "1"]
[Board "6"]
[White "Scheffknecht, Philipp"]
[Black "Kuecher, Wolfgang"]
[Result "0-1"]
[WhiteElo "2065"]
[BlackElo "2075"]
[PlyCount "78"]
[EventDate "2012.10.05"]
[EventType "team"]
[EventRounds "11"]
[EventCountry "AUT"]
[WhiteTeam "Goetzis"]
[BlackTeam "ATSV Ranshofen"]

1. c4 Nf6 2. Nc3 g6 3. g3 Bg7 4. Bg2 e5 5. Nf3 Nc6 6. O-O O-O 7. Rb1 a5 8. a3
Nh5 9. d3 d6 10. b4 axb4 11. axb4 f5 12. Bg5 Qd7 13. b5 Nd8 14. Qd2 Nf7 15. Nd5
h6 16. Be3 g5 17. Nxg5 hxg5 18. Bxg5 Nxg5 19. Qxg5 Nf6 20. f4 Ra2 21. fxe5 dxe5
22. Rxf5 Qd6 23. Nxf6+ Rxf6 24. Rxf6 Qxf6 25. Bd5+ Kh7 26. Qh5+ Qh6 27. Be4+
Kg8 28. Qe8+ Bf8 29. Bd5+ Kh7 30. Rf1 Rxe2 31. Qf7+ Bg7 32. Qg8+ Kg6 33. Qf7+
Kh7 34. Qg8+ Kg6 35. Bf7+ Kg5 36. h4+ Kg4 37. Qxc8+ Kxg3 38. Bd5 Qe3+ 39. Kh1
Rh2# 0-1

[Event "2. Bundesliga West 2012/13"]
[Site "Hohenems"]
[Date "2012.10.05"]
[Round "1"]
[Board "1"]
[White "Atlas, Valery"]
[Black "Serafimov, Tervel"]
[Result "0-1"]
[WhiteElo "2430"]
[BlackElo "2425"]
[PlyCount "148"]
[EventDate "2012.10.05"]
[EventType "team"]
[EventRounds "11"]
[EventCountry "AUT"]
[WhiteTeam "Hohenems II"]
[BlackTeam "Bregenz"]

1. e4 c6 2. Nf3 g6 3. d4 Bg7 4. Nc3 d5 5. h3 Nf6 6. e5 Ne4 7. Bd3 Nxc3 8. bxc3
c5 9. Be3 Nc6 10. O-O O-O 11. Qd2 Qa5 12. Rab1 a6 13. Rfe1 b5 14. Qc1 Bd7 15.
Bd2 Qc7 16. Bh6 cxd4 17. cxd4 Nd8 18. Nh2 Qc3 19. Bd2 Qc8 20. Bh6 Bf5 21. Rb3
Ra7 22. Ng4 Bxg4 23. hxg4 Nc6 24. Bf5 e6 25. Rh3 f6 26. Bd3 fxe5 27. Bxg7 Rxg7
28. dxe5 Qb8 29. Qe3 Qa7 30. a3 Qxe3 31. Rhxe3 Rf4 32. f3 Rc7 33. g3 Ra4 34. f4
Nd4 35. f5 gxf5 36. gxf5 Nxf5 37. Bxf5 exf5 38. Rd1 Re4 39. Rxe4 dxe4 40. Rd6
Rxc2 41. Rxa6 Kf7 42. Rf6+ Ke7 43. Rxf5 Rc3 44. Kg2 Ke6 45. Rh5 Rxa3 46. Rxh7
Ra2+ 47. Kf1 b4 48. Rb7 Rb2 49. g4 b3 50. g5 Rb1+ 51. Kg2 e3 52. g6 e2 53. g7
Rg1+ 54. Kxg1 e1=Q+ 55. Kg2 Qe4+ 56. Kg1 Qg4+ 57. Kf2 Kxe5 58. Rxb3 Qxg7 59.
Re3+ Kd4 60. Rf3 Qg5 61. Rg3 Qd2+ 62. Kf3 Qe3+ 63. Kg4 Qe4+ 64. Kh3 Qh1+ 65.
Kg4 Ke4 66. Kg5 Qh7 67. Rg4+ Ke5 68. Rg3 Qg7+ 69. Kh4 Qh6+ 70. Kg4 Ke4 71. Ra3
Qe6+ 72. Kh5 Qe8+ 73. Kg4 Qd7+ 74. Kh5 Kf4 0-1

[Event "2. Bundesliga West 2012/13"]
[Site "Hohenems"]
[Date "2012.10.05"]
[Round "1"]
[Board "3"]
[White "Novkovic, Milan"]
[Black "Weindl, Alfred"]
[Result "0-1"]
[WhiteElo "2400"]
[BlackElo "2329"]
[PlyCount "78"]
[EventDate "2012.10.05"]
[EventType "team"]
[EventRounds "11"]
[EventCountry "AUT"]
[WhiteTeam "Hohenems II"]
[BlackTeam "Bregenz"]

1. d4 Nf6 2. c4 g6 3. Nc3 Bg7 4. e4 d6 5. Be2 O-O 6. Bg5 Na6 7. Qd2 e5 8. d5
Nc5 9. f3 h6 10. Be3 c6 11. Bd1 a5 12. Nge2 cxd5 13. cxd5 b6 14. O-O Kh7 15.
Bc2 Ba6 16. a3 a4 17. Na2 Ng8 18. Nb4 Bb5 19. Rf2 Ne7 20. Nc3 Bd7 21. f4 exf4
22. Bxf4 Qc7 23. Raf1 Nb3 24. Bxb3 axb3 25. e5 Nf5 26. exd6 Qc4 27. Re2 Rae8
28. Rfe1 Bxc3 29. bxc3 Rxe2 30. Rxe2 b2 31. Re1 Re8 32. Rb1 Re2 33. Qd3 Rxg2+
34. Kxg2 Qxf4 35. Kh1 Nh4 36. Rf1 Bf5 37. Qe2 Be4+ 38. Kg1 Nf3+ 39. Rxf3 b1=Q+
0-1